[Event "Reykjavik Open 2016"]
[Site "Reykjavik ISL"]
[Date "2016.03.10"]
[Round "4.91"]
[White "Dekker, Derk"]
[Black "Heidarsson, Arnar"]
[Result "1-0"]
[WhiteElo "1861"]
[BlackElo "1333"]
[WhiteFideId "1039679"]
[BlackFideId "2312875"]
[EventDate "2016.03.08"]

1. f4 d5 2. Nf3 g6 3. e3 Bg7 4. Be2 Nf6 5. O-O O-O 6. Nc3 b6 7. a4 a6 8. a5 b5
9. d4 Nc6 10. Bd3 Nb4 11. Ne5 Nd7 12. Na2 Nxa2 13. Rxa2 Bxe5 14. fxe5 c5 15. c3
c4 16. Bb1 Nb8 17. e4 e6 18. Bh6 Re8 19. Qf3 Ra7 20. Qg3 Nd7 21. Bg5 Qc7 22. Qh4
Nf8 23. Bf6 h5 24. Qg5 Kh7 25. exd5 exd5 26. Qxh5+ 1-0

[Event "Reykjavik Open 2016"]
[Site "Reykjavik ISL"]
[Date "2016.03.10"]
[Round "4.92"]
[White "Kristinsson, Jon"]
[Black "Berg, Bo 1949"]
[Result "1/2-1/2"]
[WhiteElo "2211"]
[BlackElo "1664"]
[WhiteFideId "2300141"]
[BlackFideId "1733869"]
[EventDate "2016.03.08"]

1. d4 Nf6 2. c4 e5 3. dxe5 Ng4 4. Nf3 Nc6 5. Nc3 Bb4 6. Qb3 Bc5 7. e3 Ngxe5 8.
Nxe5 Nxe5 9. Be2 O-O 10. O-O b6 11. Ne4 Be7 12. Qc2 Bb7 13. b3 Re8 14. Bb2 Bxe4
15. Qxe4 Bf6 16. Qc2 Ng6 17. Rad1 Bxb2 18. Qxb2 Qe7 19. Rd4 Rad8 20. Rfd1 Qf6
21. Qd2 d6 22. g3 Re7 23. Bf1 Ne5 24. Bg2 Nf3+ 25. Bxf3 Qxf3 26. Rf4 Qc6 27. Rd4
Rde8 28. Rd5 Re5 29. Qd3 Qd7 30. b4 Qe7 31. a3 g6 32. Qd4 Re4 33. Qc3 Re5 34. c5
Rxd5 35. Rxd5 Qe4 36. Rd1 dxc5 37. bxc5 Qc6 38. Qc4 1/2-1/2

[Event "Reykjavik Open 2016"]
[Site "Reykjavik ISL"]
[Date "2016.03.10"]
[Round "4.93"]
[White "Hardarson, Jon Trausti"]
[Black "Hrafnsson, Hreinn"]
[Result "1-0"]
[WhiteElo "2058"]
[BlackElo "1651"]
[WhiteFideId "2302594"]
[BlackFideId "2304686"]
[EventDate "2016.03.08"]

1. d4 Nf6 2. c4 e6 3. Nf3 d5 4. Nc3 c6 5. g3 Nbd7 6. Bg2 Bd6 7. O-O O-O 8. Nd2
Re8 9. e4 dxe4 10. Ndxe4 Be7 11. Qc2 Nxe4 12. Nxe4 Nf6 13. Rd1 Nxe4 14. Bxe4 g6
15. Bf4 Bd6 16. Be5 Qc7 17. Qc3 Bxe5 18. dxe5 b6 19. Rd6 Bb7 20. Rad1 Rad8 21.
c5 b5 22. b4 a6 23. f4 Rc8 24. Rd7 Qb8 25. Qa3 Red8 26. Qa5 Rxd7 27. Rxd7 Kf8
28. Qb6 Ba8 29. Qa7 Qxa7 30. Rxa7 Ke8 31. Rxa8 1-0

[Event "Reykjavik Open 2016"]
[Site "Reykjavik ISL"]
[Date "2016.03.10"]
[Round "4.94"]
[White "Enersen, Eirik S."]
[Black "Stray, Gunnar"]
[Result "0-1"]
[WhiteElo "1689"]
[BlackElo "2050"]
[WhiteFideId "1520784"]
[BlackFideId "1501631"]
[EventDate "2016.03.08"]

1. e4 c5 2. Nf3 e6 3. c3 Nf6 4. d3 Nc6 5. Be2 d6 6. O-O Be7 7. h3 O-O 8. Be3 b6
9. Nbd2 Bb7 10. Ne1 d5 11. Bg5 d4 12. c4 Nd7 13. Bxe7 Qxe7 14. Nc2 e5 15. Bg4
Nf6 16. Bf3 Bc8 17. Re1 Nd8 18. Nf1 Bd7 19. a4 g6 20. Ng3 Ne6 21. Qd2 Kg7 22. b3
h6 23. Re2 Rab8 24. Ree1 a6 25. Reb1 Nh7 26. Bg4 a5 27. Rf1 Nhg5 28. Ne1 Nf4 29.
Qd1 h5 30. Bxd7 Qxd7 31. Ne2 Nge6 32. Nxf4 Nxf4 33. Nf3 Qe6 34. Ng5 Qe7 35. h4
f6 36. Nf3 Qd7 37. g3 Qg4 38. Nh2 Qxd1 39. Rfxd1 Ne2+ 40. Kg2 Nc3 41. Rf1 f5 42.
f3 Rbe8 43. Rf2 Rf7 44. Raf1 Ref8 45. Kg1 Rf6 46. Rd2 Kf7 47. exf5 gxf5 48. Kg2
Rg8 49. Kh3 Ke6 50. Re1 Kd6 51. Rg2 Rfg6 52. Nf1 Re8 53. Nd2 Na2 54. Nf1 Nb4 55.
Rd2 Rge6 56. Kg2 e4 57. fxe4 fxe4 58. Rxe4 Rxe4 59. dxe4 Rxe4 60. Kf2 Re6 61.
Ne3 Rxe3 0-1

[Event "Reykjavik Open 2016"]
[Site "Reykjavik ISL"]
[Date "2016.03.10"]
[Round "4.96"]
[White "Ragnarsson, Heimir Pall"]
[Black "Raddatz, Michael"]
[Result "0-1"]
[WhiteElo "1527"]
[BlackElo "2023"]
[WhiteFideId "2308860"]
[BlackFideId "4613252"]
[EventDate "2016.03.08"]

1. c4 e5 2. g3 d6 3. Bg2 g6 4. e4 Bg7 5. d3 Nf6 6. Ne2 Be6 7. Nbc3 Qd7 8. f4 Bh3
9. Bxh3 Qxh3 10. fxe5 dxe5 11. Rf1 O-O 12. Bg5 Nbd7 13. Qb3 Nc5 14. Qc2 Ng4 15.
Nd5 c6 16. Be7 cxd5 17. Bxc5 d4 18. Qb3 Nxh2 19. Rh1 Rfc8 20. Bd6 Qg2 21. Rxh2
Qxh2 22. Kd2 Bh6+ 23. Ke1 Qh1+ 24. Kf2 Be3# 0-1

[Event "Reykjavik Open 2016"]
[Site "Reykjavik ISL"]
[Date "2016.03.10"]
[Round "4.97"]
[White "Baer, Samuel"]
[Black "Norlander, Svante"]
[Result "1-0"]
[WhiteElo "2003"]
[BlackElo "1649"]
[WhiteFideId "1310518"]
[BlackFideId "1716930"]
[EventDate "2016.03.08"]

1. d4 d5 2. c4 dxc4 3. Nf3 Nf6 4. Nc3 Bg4 5. e3 e6 6. Bxc4 Be7 7. Qa4+ Nbd7 8.
Be2 O-O 9. O-O c6 10. Rd1 Qc7 11. e4 Nb6 12. Qc2 a6 13. Bg5 Bxf3 14. Bxf3 e5 15.
Ne2 Rfd8 16. Rd3 h6 17. Be3 Nbd7 18. d5 Rac8 19. Rc3 c5 20. Ng3 b6 21. Nf5 Bf8
22. Be2 b5 23. Rd1 Kh7 24. f4 g6 25. d6 Qc6 26. Ne7 Bxe7 27. dxe7 Re8 28. fxe5
Nxe5 29. Rxc5 Qe6 30. Rd8 Rcxd8 31. exd8=Q Rxd8 32. Qc3 Nxe4 33. Qxe5 Nxc5 34.
Qxc5 Qxa2 35. Qe5 Qb1+ 36. Kf2 Qf5+ 37. Qxf5 gxf5 38. b4 Kg6 39. Bf3 Rd7 40. Kg3
Rd3 41. Kf4 Rc3 42. Bd5 Rc7 43. Ke5 Rc2 44. Kd6 Re2 45. Bc5 h5 46. Kc7 Re5 47.
Bb7 Re2 48. Bb6 f4 49. Kb8 Kg5 50. Ka7 Ra2 51. Ba5 f5 52. Kxa6 Rf2 53. Bc7 Kg4
54. Kxb5 h4 55. Bf3+ Rxf3 56. gxf3+ Kxf3 57. Kc5 Ke3 58. b5 f3 59. Bb6 Ke2 60.
Kd5 h3 61. Bc5 f2 62. Bxf2 Kxf2 63. b6 Kg2 64. b7 Kxh2 65. b8=Q+ Kg2 66. Qb2+
Kg3 67. Qc3+ Kg4 68. Qg7+ Kf3 69. Qg1 f4 70. Kd4 Ke2 71. Qh2+ Ke1 1-0

[Event "Reykjavik Open 2016"]
[Site "Reykjavik ISL"]
[Date "2016.03.10"]
[Round "4.98"]
[White "Johannsson, Birkir Isak"]
[Black "Meier, Gerd"]
[Result "1/2-1/2"]
[WhiteElo "1303"]
[BlackElo "1851"]
[WhiteFideId "2314673"]
[BlackFideId "4682971"]
[EventDate "2016.03.08"]

1. d4 Nf6 2. c4 e5 3. dxe5 Ng4 4. Bf4 Bb4+ 5. Nd2 Nc6 6. Nf3 Qe7 7. e3 Ngxe5 8.
Nxe5 Nxe5 9. Be2 O-O 10. a3 Bxd2+ 11. Qxd2 d6 12. O-O b6 13. Bxe5 Qxe5 14. Bf3
Rb8 15. Qd4 Qe7 16. Rac1 Re8 17. Bc6 Rf8 18. Rfd1 Bf5 19. b4 Rbd8 20. h3 h6 21.
Qf4 Bg6 22. Qd4 Qg5 23. Qg4 Qe5 24. Qd4 Qg5 25. Qg4 Qxg4 26. hxg4 f6 27. Bd5+
Bf7 28. Bxf7+ Kxf7 29. e4 Ra8 30. a4 a6 31. f3 g6 32. Kf2 Rh8 33. Rh1 Kg7 34.
Ke3 Rae8 35. Kf2 Rhf8 36. Rce1 Rb8 37. Rc1 Rfd8 38. Rhd1 Kf7 39. Ke3 Re8 40. Kf2
Re5 41. Rd5 Re7 42. Rc2 Rh8 43. Rc1 Rhe8 44. Re1 1/2-1/2

[Event "Reykjavik Open 2016"]
[Site "Reykjavik ISL"]
[Date "2016.03.10"]
[Round "4.99"]
[White "Erikstad, Olav"]
[Black "Luu, Robert"]
[Result "1/2-1/2"]
[WhiteElo "1838"]
[BlackElo "1599"]
[WhiteFideId "1504983"]
[BlackFideId "2311798"]
[EventDate "2016.03.08"]

1. d4 d5 2. Nc3 c6 3. f3 Nf6 4. e4 dxe4 5. fxe4 Bg4 6. Nf3 e6 7. Bg5 Be7 8. Qd3
Nbd7 9. Be2 Qa5 10. O-O Bxf3 11. Qxf3 Qxg5 12. e5 Nxe5 13. dxe5 Qxe5 14. Rae1
O-O 15. Bd3 Qh5 16. Qg3 Rad8 17. Ne4 Nxe4 18. Rxe4 Bd6 19. Rh4 Bxg3 20. Rxh5 g6
21. Ra5 Bc7 22. Ra4 Bb6+ 23. Kh1 Rd7 24. Rf3 Rfd8 25. Rh4 Kg7 26. Re4 Bd4 27. b3
e5 28. g4 Rf8 29. h4 f5 30. gxf5 Rxf5 31. Rg3 Rf4 32. h5 Rxe4 33. Bxe4 Rd6 34.
Kg2 Kh6 35. hxg6 hxg6 36. Rf3 Kg7 37. Rg3 Bb6 38. Rd3 Rd4 39. Bf3 Bc7 40. Kh3
Kf6 41. Be2 Ke6 42. Rg3 Kf6 43. Rf3+ Rf4 44. Rxf4+ exf4 45. Kg4 Ke5 46. Bd3 b5
47. a4 bxa4 48. bxa4 Kd4 49. Kf3 g5 50. Bf5 c5 51. Bd7 a6 52. Bc8 Kc3 53. Bf5 c4
54. Kg4 Kb4 55. Bd7 Kc5 56. Bf5 Kd4 57. Kf3 c3 58. Bc8 a5 59. Bd7 Kc4 60. Kg4 1/2-1/2

[Event "Reykjavik Open 2016"]
[Site "Reykjavik ISL"]
[Date "2016.03.10"]
[Round "4.100"]
[White "Driscoll, Walter"]
[Black "Halldorsson, Haukur"]
[Result "1-0"]
[WhiteElo "1810"]
[BlackElo "1570"]
[WhiteFideId "2038501"]
[BlackFideId "2305089"]
[EventDate "2016.03.08"]

1. e4 c5 2. Nf3 Nc6 3. d4 cxd4 4. Nxd4 g6 5. Bc4 Bg7 6. Be3 e6 7. Nc3 a6 8. Qd2
Nge7 9. Nxc6 Nxc6 10. O-O-O O-O 11. Bh6 Bxh6 12. Qxh6 Qf6 13. f4 Qg7 14. Qxg7+
Kxg7 15. h4 h5 16. Be2 e5 17. g4 hxg4 18. Bxg4 Rd8 19. f5 Ne7 20. Rd6 f6 21.
fxg6 Nxg6 22. h5 Ne7 23. h6+ Kh8 24. Rxf6 d6 25. Bxc8 Raxc8 26. Rf7 Rc7 27. Rhf1
Rg8 28. R1f6 Rd7 29. Re6 Rg1+ 30. Nd1 1-0

[Event "Reykjavik Open 2016"]
[Site "Reykjavik ISL"]
[Date "2016.03.10"]
[Round "4.101"]
[White "Kruger, Jan"]
[Black "Kristjansson, Hjortur"]
[Result "1-0"]
[WhiteElo "1810"]
[BlackElo "1488"]
[WhiteFideId "1709119"]
[BlackFideId "2315076"]
[EventDate "2016.03.08"]

1. f4 d5 2. Nf3 c5 3. e3 Nf6 4. Be2 Nc6 5. O-O e6 6. d3 Bd6 7. Nc3 O-O 8. Qe1
Nb4 9. Bd1 a6 10. e4 d4 11. Ne2 Be7 12. Qg3 Qc7 13. Ne5 Nh5 14. Qh3 g6 15. g4
Nf6 16. g5 Nh5 17. Ng3 Nxg3 18. hxg3 f6 19. gxf6 Bxf6 20. Ng4 Bg7 21. Nh2 Bd7
22. g4 Rf7 23. Nf3 Bf6 24. Rf2 Raf8 25. Rh2 b5 26. g5 Bh8 27. Nh4 e5 28. f5 gxf5
29. Bh5 fxe4 30. Bxf7+ Rxf7 31. Qg3 exd3 32. cxd3 Nd5 33. Bd2 Nf4 34. Bxf4 Rxf4
35. Rg2 Bc6 36. Rf2 Rxf2 37. Qxf2 Qe7 38. Qg3 e4 39. Nf5 Qe6 40. Nh6+ Kg7 41.
dxe4 Qxe4 42. Re1 Qd5 43. Re5 Qd7 44. Re7+ Qxe7 45. Nf5+ Kf7 46. Nxe7 1-0

[Event "Reykjavik Open 2016"]
[Site "Reykjavik ISL"]
[Date "2016.03.10"]
[Round "4.102"]
[White "Lemery, Jon Thor"]
[Black "Opasiak, Dustin Tennessee"]
[Result "1/2-1/2"]
[WhiteElo "1495"]
[BlackElo "1782"]
[WhiteFideId "2313499"]
[BlackFideId "24630217"]
[EventDate "2016.03.08"]

1. e4 e6 2. d3 c5 3. Nd2 Nc6 4. g3 d6 5. Bg2 g6 6. f4 Bg7 7. Ngf3 Nge7 8. O-O
O-O 9. c3 Rb8 10. a4 a6 11. Qe2 b5 12. h4 Bd7 13. axb5 axb5 14. Nb3 c4 15. dxc4
bxc4 16. Nbd4 Qb6 17. Qf2 Nxd4 18. Nxd4 Nc6 19. Nxc6 Qxc6 20. e5 d5 21. Be3 Rb5
22. Rfd1 Rfb8 23. Rd2 Bf8 24. Ra7 Ra8 25. Rxa8 Qxa8 26. g4 Qa5 27. h5 Bc5 28.
Bxc5 Rxc5 29. hxg6 hxg6 30. Qh4 Rc8 31. Bf1 Qd8 32. g5 Qf8 33. Rh2 Qg7 34. Kf2
Kf8 35. Qh8+ Qxh8 36. Rxh8+ Ke7 37. Rxc8 Bxc8 38. Ke3 Kd7 39. Kd2 Kc6 40. Kc1
Kc5 41. Kd2 Ba6 42. Be2 Bb5 1/2-1/2

[Event "Reykjavik Open 2016"]
[Site "Reykjavik ISL"]
[Date "2016.03.10"]
[Round "4.103"]
[White "Olafsson, Olafur Orn"]
[Black "Einarsson, Oskar Long"]
[Result "0-1"]
[WhiteElo "1129"]
[BlackElo "1691"]
[WhiteFideId "2312042"]
[BlackFideId "2309220"]
[EventDate "2016.03.08"]

1. d4 Nf6 2. c4 g6 3. Nc3 d5 4. Nf3 Bg7 5. Bf4 c6 6. e3 O-O 7. Be2 h6 8. O-O Nh5
9. Be5 Nf6 10. h3 Be6 11. b3 Nbd7 12. cxd5 Nxd5 13. Nxd5 Nxe5 14. Nf4 Nxf3+ 15.
Bxf3 Bc8 16. Rc1 Qa5 17. Qe2 e5 18. dxe5 Bxe5 19. a4 Qc7 20. Qc4 Qd6 21. Rfd1
Qf6 22. Nd3 Bc7 23. Bg4 Bxg4 24. Qxg4 Rfd8 25. Ne1 Qe5 26. Nf3 Qb2 27. Qc4 Qf6
28. Rd3 Rxd3 29. Qxd3 Rd8 30. Qc2 Kg7 31. Rd1 Rxd1+ 32. Qxd1 Qb2 33. Qd4+ Qxd4
34. Nxd4 Kf6 35. Kf1 Ke5 36. Ke2 Kd5 37. Kd3 Kc5 38. Kc2 Bh2 39. Nf3 Bd6 40. Nd4
Kb4 41. f3 a6 42. g4 c5 43. Ne2 c4 44. bxc4 Kxc4 45. Nc3 Kb4 46. Ne4 Be7 47. f4
Kxa4 48. Nc3+ Ka5 49. Nd5 Bd8 50. e4 Kb5 51. f5 Kc4 52. Nf4 g5 53. Nd3 Kd4 54.
e5 Bc7 55. e6 fxe6 56. f6 Bd6 57. f7 b5 0-1

[Event "Reykjavik Open 2016"]
[Site "Reykjavik ISL"]
[Date "2016.03.10"]
[Round "4.104"]
[White "Kuehn, Matthias"]
[Black "Kristjansson, Halldor Atli"]
[Result "1-0"]
[WhiteElo "1957"]
[BlackElo "1346"]
[WhiteFideId "24681288"]
[BlackFideId "2310988"]
[EventDate "2016.03.08"]

1. e4 c5 2. Nc3 Nc6 3. f4 g6 4. Nf3 Bg7 5. g3 e6 6. d3 Nge7 7. Bg2 d6 8. O-O O-O
9. Ne2 Rb8 10. c3 b5 11. a3 a5 12. Be3 b4 13. axb4 axb4 14. e5 Nf5 15. Bf2 bxc3
16. bxc3 dxe5 17. Bxc5 Re8 18. Ng5 Bb7 19. Ne4 Bf8 20. Rb1 Bxc5+ 21. Nxc5 Ba8
22. Rxb8 Qxb8 23. Qa4 Nce7 24. Nd7 Bxg2 25. Nxb8 Rxb8 26. Kxg2 Ne3+ 27. Kf2 Nxf1
28. Kxf1 Nd5 29. Qa2 Ne3+ 30. Ke1 Rd8 31. Qb1 Ng4 32. h3 Nf6 33. fxe5 Nd7 34. d4
Kg7 35. Qb3 1-0

[Event "Reykjavik Open 2016"]
[Site "Reykjavik ISL"]
[Date "2016.03.10"]
[Round "4.105"]
[White "Gislason, Jason Andri"]
[Black "Baldvinsson, Loftur"]
[Result "0-1"]
[WhiteElo "1319"]
[BlackElo "1939"]
[WhiteFideId "2311283"]
[BlackFideId "2301261"]
[EventDate "2016.03.08"]

1. e4 e6 2. d3 b6 3. Nd2 c5 4. g3 Nc6 5. Bg2 Nf6 6. f4 d5 7. e5 Nd7 8. c4 Nb4 9.
Qb3 Bb7 10. a3 dxc4 0-1

[Event "Reykjavik Open 2016"]
[Site "Reykjavik ISL"]
[Date "2016.03.10"]
[Round "4.106"]
[White "Edel, Fenja"]
[Black "Magnusson, Thorsteinn"]
[Result "1-0"]
[WhiteElo "1721"]
[BlackElo "1314"]
[WhiteFideId "24696749"]
[BlackFideId "2310287"]
[EventDate "2016.03.08"]

1. e4 e6 2. d4 d5 3. exd5 exd5 4. c4 Nf6 5. Nc3 Be7 6. Bd3 dxc4 7. Bxc4 O-O 8.
Nge2 Nc6 9. O-O Bf5 10. Be3 Na5 11. Bd3 Bxd3 12. Qxd3 c5 13. Rfd1 cxd4 14. Nxd4
Bc5 15. Qf5 Bxd4 16. Bxd4 Nc6 17. Bxa7 Qc7 18. Be3 Rfd8 19. Rac1 Rac8 20. Bg5
Qe7 21. Re1 Qd6 22. Rcd1 Nd4 23. Qh3 Qb4 24. Bxf6 gxf6 25. Qg4+ Kh8 26. Re4 Rg8
27. Qf4 Ne2+ 28. Nxe2 Qxb2 29. Ng3 Rc2 30. Nh5 Rc6 31. Rde1 b5 32. Re8 Re6 33.
Rxg8+ Kxg8 34. Qb8+ 1-0

[Event "Reykjavik Open 2016"]
[Site "Reykjavik ISL"]
[Date "2016.03.10"]
[Round "4.107"]
[White "Steingrimsson, Karl Egill"]
[Black "Birkisdottir, Freyja"]
[Result "1-0"]
[WhiteElo "1693"]
[BlackElo "1246"]
[WhiteFideId "2304791"]
[BlackFideId "2311860"]
[EventDate "2016.03.08"]

1. e4 c5 2. b3 Nc6 3. Bb2 e6 4. g3 a6 5. Bg2 Qc7 6. Nf3 Nf6 7. Bxf6 gxf6 8. O-O
Bg7 9. c3 d5 10. exd5 exd5 11. Re1+ Be6 12. Na3 O-O-O 13. Nc2 Kb8 14. d4 cxd4
15. cxd4 Rde8 16. a4 Bf5 17. Ne3 Be4 18. Rc1 Qd7 19. Nh4 Bxg2 20. Nhxg2 f5 21.
Rc5 Ne7 22. Nf4 b6 23. Rc2 Bh6 24. Qf3 Nc6 25. Rd1 Bxf4 26. Qxf4+ Ka8 27. Nxf5
Re6 28. Ne3 Re4 29. Qf6 Rc8 30. Rdc1 Re6 31. Qf5 h6 32. Qxd5 Rd6 33. Qg2 Kb7 34.
d5 Na7 35. Rxc8 Nxc8 36. Qf3 f6 37. Rc4 Ne7 38. Rd4 Qc7 39. Nc4 Rd7 40. d6+ Qc6
41. Qxf6 Ng8 42. Qf4 Rd8 43. Ne5 Qc3 44. Qe4+ Kb8 45. Nc6+ Kc8 46. Nxd8 Kxd8 47.
Rc4 Qa1+ 48. Kg2 Qh8 49. Qe6 Ne7 50. Qxe7# 1-0

[Event "Reykjavik Open 2016"]
[Site "Reykjavik ISL"]
[Date "2016.03.10"]
[Round "4.108"]
[White "Finnsson, Johann Arnar"]
[Black "Davidsson, Stefan Orri"]
[Result "1-0"]
[WhiteElo "1664"]
[BlackElo "1244"]
[WhiteFideId "2308240"]
[BlackFideId "2311399"]
[EventDate "2016.03.08"]

1. e4 c5 2. Nc3 d6 3. g3 e6 4. Bg2 Nf6 5. d3 a6 6. Nge2 Qc7 7. O-O Nbd7 8. f4 e5
9. f5 b5 10. a3 Bb7 11. h3 Be7 12. g4 Nb6 13. Ng3 h6 14. Be3 O-O-O 15. Qd2 Kb8
16. Qf2 Nfd7 17. Rad1 Bh4 18. Qf3 Bxg3 19. Qxg3 f6 20. h4 Rdg8 21. Ne2 Nc8 22.
c3 Ne7 23. d4 c4 24. h5 Rd8 25. Qf2 Rhe8 26. Kh2 Nf8 27. dxe5 dxe5 28. Bb6 Qc8
29. Bxd8 Rxd8 30. Qb6 Nd7 31. Qd6+ Ka8 32. Qxd7 1-0

[Event "Reykjavik Open 2016"]
[Site "Reykjavik ISL"]
[Date "2016.03.10"]
[Round "4.109"]
[White "Davidsson, Joshua"]
[Black "Kristofersson, Sindri Snaer"]
[Result "1-0"]
[WhiteElo "1411"]
[BlackElo "1212"]
[WhiteFideId "2311631"]
[BlackFideId "2310732"]
[EventDate "2016.03.08"]

1. e4 c5 2. Nf3 e6 3. d4 cxd4 4. Nxd4 Nc6 5. Nxc6 bxc6 6. Nc3 Bb4 7. Bd3 Nf6 8.
Bg5 d6 9. O-O O-O 10. Kh1 e5 11. Qf3 Bxc3 12. bxc3 h6 13. Bxf6 Qxf6 14. Qxf6
gxf6 15. f4 Re8 16. Rab1 d5 17. c4 Be6 18. cxd5 cxd5 19. f5 dxe4 20. Bxe4 Bxa2
21. Ra1 Bc4 22. Rfe1 Rad8 23. Rxa7 Rd4 24. h3 Red8 25. Kh2 Bd5 26. Bxd5 R8xd5
27. Re3 Rd7 28. Rxd7 Rxd7 29. c4 Rc7 30. Re4 Kf8 31. Kg3 Rc5 32. Kf3 Ke7 33. Ke3
Ra5 34. Rh4 Ra3+ 35. Ke4 Rg3 36. Rxh6 Rxg2 37. Rh5 Re2+ 38. Kd5 e4 39. Rh4 e3
40. Re4+ Kd7 41. Kd4 Rf2 42. Rxe3 Rxf5 43. h4 Rh5 44. Re4 Kd6 45. Rf4 Rh6 46.
Ke4 Kc5 47. Kf5 Rg6 48. Rg4 Rh6 49. Rf4 Kc6 50. Kg4 Rg6+ 51. Kf3 Kd6 52. Ke4 Ke6
53. h5 Rg5 54. Rh4 Rc5 55. Kd4 Rg5 56. h6 Rg8 57. h7 Rh8 58. c5 Kd7 59. Kd5 f5
60. Ke5 f4 61. Kxf4 Ke7 62. Kf5 f6 63. Kg6 f5 64. Kxf5 Kf7 65. c6 Kg7 66. Ke6
Re8+ 67. Kd7 Rh8 68. c7 Rf8 69. c8=Q Rxc8 70. Kxc8 Kh8 71. Kd7 1-0

[Event "Reykjavik Open 2016"]
[Site "Reykjavik ISL"]
[Date "2016.03.10"]
[Round "4.110"]
[White "Thorsteinsdottir, Svava"]
[Black "Kristbergsson, Bjorgvin"]
[Result "1-0"]
[WhiteElo "1332"]
[BlackElo "1100"]
[WhiteFideId "2310686"]
[BlackFideId "2305232"]
[EventDate "2016.03.08"]

1. d4 c6 2. c4 e6 3. Nc3 Nf6 4. Nf3 h6 5. Bf4 d6 6. e3 g5 7. Bg3 Bg7 8. h3 O-O
9. Bd3 Bd7 10. Qe2 Qe7 11. Nh2 e5 12. c5 Ne8 13. b4 d5 14. dxe5 Bxe5 15. Bxe5
Qxe5 16. Rc1 Nf6 17. O-O Qc7 18. Qf3 Qd8 19. Qg3 Nh5 20. Qf3 Nf6 21. Ne2 Na6 22.
a3 Nc7 23. Ng4 Nxg4 24. hxg4 f5 25. gxf5 Qc8 26. Qh5 Rf6 27. g4 Be8 28. Qh2 Kg7
29. Qe5 Qd7 30. Ng3 Nb5 31. Ra1 Nc7 32. Kg2 Bf7 33. Rh1 Rh8 34. Rh2 Ne8 35. Rah1
Kf8 36. Qd4 Qe7 37. e4 dxe4 38. Bxe4 Bd5 39. Bxd5 cxd5 40. Nh5 Qe4+ 41. Qxe4
dxe4 42. Nxf6 1-0

[Event "Reykjavik Open 2016"]
[Site "Reykjavik ISL"]
[Date "2016.03.11"]
[Round "5.1"]
[White "Jones, Gawain C B"]
[Black "Gupta, Abhijeet"]
[Result "1/2-1/2"]
[WhiteTitle "GM"]
[BlackTitle "GM"]
[WhiteElo "2645"]
[BlackElo "2634"]
[WhiteFideId "409561"]
[BlackFideId "5010608"]
[EventDate "2016.03.08"]

1. c4 Nf6 2. Nc3 e5 3. g3 Bb4 4. Bg2 O-O 5. e4 Bxc3 6. bxc3 c6 7. Nf3 Nxe4 8.
Nxe5 Re8 9. d4 d6 10. Bxe4 dxe5 11. O-O Nd7 12. Bg2 exd4 13. Qxd4 Ne5 14. Bf4
Qxd4 15. cxd4 Nxc4 16. d5 cxd5 17. Bxd5 Na5 18. Bc7 Nc6 19. Rab1 Be6 20. Bxe6
Rxe6 21. Rxb7 Rae8 22. Bf4 R8e7 23. Rxe7 Rxe7 24. Rd1 h5 25. Rd6 Re6 26. Rxe6
fxe6 27. Kg2 e5 28. Be3 Kf7 29. Kf3 Ke6 30. Ke4 a6 31. Bc5 Nb8 32. f4 exf4 33.
Kxf4 g6 34. Ke4 Nc6 35. h4 Ne5 36. Be3 Nf7 37. Bf4 Kf6 38. Kd5 g5 39. hxg5+ Nxg5
40. a4 Kf5 41. Kc6 Ne4 42. Bc7 Kg4 43. a5 Nxg3 44. Bd8 Ne4 45. Kb6 Nd6 46. Kxa6
Nc4 47. Kb5 1/2-1/2

[Event "Reykjavik Open 2016"]
[Site "Reykjavik ISL"]
[Date "2016.03.11"]
[Round "5.2"]
[White "Brunello, Sabino"]
[Black "Mamedyarov, Shakhriyar"]
[Result "1/2-1/2"]
[WhiteTitle "GM"]
[BlackTitle "GM"]
[WhiteElo "2567"]
[BlackElo "2747"]
[WhiteFideId "813613"]
[BlackFideId "13401319"]
[EventDate "2016.03.08"]

1. d4 Nf6 2. c4 e6 3. Nf3 b6 4. g3 Ba6 5. b3 Bb7 6. Bg2 Bb4+ 7. Bd2 a5 8. O-O
O-O 9. a3 Be7 10. Nc3 d5 11. cxd5 exd5 12. Qc2 Re8 13. Rfd1 Nbd7 14. Bf4 c6 15.
Ne5 Nf8 16. e4 Rc8 17. exd5 cxd5 18. Qd3 Ne6 19. Be3 Bd6 20. Na4 Ne4 21. Bxe4
dxe4 22. Qb5 Nc7 23. Qxb6 Bd5 24. Nc3 Rb8 25. Qxa5 Ra8 26. Qb6 Rb8 27. Qa5 Ra8
28. Qb6 Rb8 29. Nxd5 Rxb6 30. Nxb6 Bxa3 31. Rxa3 Rxe5 32. Rc1 Re8 33. Ra7 Nd5
34. Rc8 Qxc8 35. Nxc8 Rxc8 36. Bd2 h6 37. Kf1 Rc2 38. Ke1 Rb2 39. Rb7 g5 40. b4
Rb1+ 41. Ke2 Rb2 42. Kd1 Rb1+ 43. Ke2 Rb2 44. Kd1 Rb1+ 45. Ke2 1/2-1/2

[Event "Reykjavik Open 2016"]
[Site "Reykjavik ISL"]
[Date "2016.03.11"]
[Round "5.3"]
[White "Rapport, Richard"]
[Black "Gretarsson, Hjorvar Steinn"]
[Result "1-0"]
[WhiteTitle "GM"]
[BlackTitle "GM"]
[WhiteElo "2720"]
[BlackElo "2572"]
[WhiteFideId "738590"]
[BlackFideId "2302241"]
[EventDate "2016.03.08"]

1. g3 d5 2. Nf3 c6 3. Bg2 Nf6 4. O-O Bg4 5. c4 e6 6. d3 Nbd7 7. cxd5 exd5 8. Nc3
Bd6 9. Qc2 O-O 10. e4 Re8 11. h3 Bxf3 12. Bxf3 dxe4 13. dxe4 Qe7 14. Bg2 Bc5 15.
Kh2 Bd4 16. Bf4 Qc5 17. Rad1 Rad8 18. Rd2 Nf8 19. Rd3 Ne6 20. Bc1 Qh5 21. Bf3
Qc5 22. Bg2 Qh5 23. f4 Ng4+ 24. Kh1 Nc5 25. Rxd4 Rxd4 26. Kg1 Nd3 27. hxg4 Qxg4
28. Qd1 Qxd1 29. Rxd1 Red8 30. Be3 R4d7 31. Rb1 Nb4 32. f5 Nd3 33. Bxa7 Ne5 34.
Be3 b5 35. a3 f6 36. Bf1 Rb7 37. Rd1 Rxd1 38. Nxd1 g6 39. Be2 Kf7 40. b3 Rb8 41.
Nb2 Ra8 42. a4 1-0

[Event "Reykjavik Open 2016"]
[Site "Reykjavik ISL"]
[Date "2016.03.11"]
[Round "5.4"]
[White "Sargissian, Gabriel"]
[Black "Ramirez, Alejandro"]
[Result "1/2-1/2"]
[WhiteTitle "GM"]
[BlackTitle "GM"]
[WhiteElo "2702"]
[BlackElo "2564"]
[WhiteFideId "13300881"]
[BlackFideId "6500617"]
[EventDate "2016.03.08"]

1. c4 c5 2. Nf3 Nc6 3. d4 cxd4 4. Nxd4 g6 5. e4 Nf6 6. Nc3 d6 7. f3 Bg7 8. Be3
O-O 9. Be2 Nxd4 10. Bxd4 Bd7 11. O-O Bc6 12. Qd2 a5 13. b3 Nd7 14. Be3 Nc5 15.
Rab1 Qb6 16. Rfc1 Rfc8 17. Rc2 h5 18. Bf1 Qd8 19. Re1 Kh7 20. Nd5 e6 21. Nf4 Be5
22. Nh3 Qe7 23. Rd1 Rd8 24. Qf2 Kg8 25. Qe1 Bf6 26. Qg3 Bh4 27. Bg5 Qxg5 28.
Qxg5 Bxg5 29. Nxg5 Kf8 30. Rcd2 f6 31. Nh3 Ke7 32. Nf4 Be8 33. h4 Bf7 34. Ne2
Be8 35. Nc3 Bc6 36. Kf2 b6 37. Ke3 f5 38. exf5 gxf5 39. g3 Rd7 40. Kf2 Rf8 41.
Bh3 Rdd8 42. Ne2 e5 1/2-1/2